000 00376 a2200169 4500
001 62684
020 _a9788516070076
040 _cAnchieta - Pituba
100 _aAzevedo, Ricardo
240 1 0 _aO chute que a bola levou
_lpor
245 1 0 _aO chute que a bola levou
300 _a110
362 0 _a2011
440 1 _aModerna
650 4 _aLiteratura juvenil
942 _cBK
999 _c62684
_d62684